[Event "Glorney Cup"]
[Site "Paisley"]
[Date "2018.07.16"]
[Round "2.8"]
[White "Harman, George"]
[Black "Kouwenhoven, Derk"]
[Result "0-1"]
[WhiteElo "1515"]
[BlackElo "1994"]
[PlyCount "80"]
[EventDate "2018.07.16"]
[EventType "team-tourn"]
[EventRounds "5"]
[EventCountry "SCO"]
[SourceTitle "EXT 2021"]
[Source "ChessBase"]
[SourceDate "2020.10.23"]
[SourceVersion "1"]
[SourceVersionDate "2020.10.23"]
[SourceQuality "1"]
[WhiteTeam "England U18"]
[BlackTeam "Netherlands U18"]
[WhiteTeamCountry "ENG"]
[BlackTeamCountry "NED"]

1. e4 e5 2. Nf3 Nc6 3. Bb5 a6 4. Ba4 Nf6 5. Qe2 Be7 6. 0-0 b5 7. Bb3 0-0 8. c3 d6 9. Rd1 Na5 10. Bc2 c5 11. d4 Qc7 12. Nbd2 cxd4 13. cxd4 Qxc2 14. Re1 Bg4 15. h3 Bxf3 16. Nxf3 Qxe2 17. Rxe2 Nd7 18. Be3 Nc4 19. Rd1 Nxe3 20. Rxe3 Rac8 21. Re2 Rc4 22. Red2 Rfc8 23. dxe5 Nxe5 24. Nxe5 dxe5 25. f3 Bc5+ 26. Kh2 Bd4 27. b3 Rc1 28. Rxc1 Rxc1 29. Kg3 g6 30. Kg4 h5+ 31. Kg3 Kg7 32. Re2 a5 33. Kh4 Rc3 34. Rd2 a4 35. bxa4 bxa4 36. Re2 a3 37. Rd2 Rc1 38. Kg3 Be3 39. Rd3 Bf4+ 40. Kh4 Kh6 0-1

[Event "Glorney Cup"]
[Site "Paisley"]
[Date "2018.07.16"]
[Round "1.13"]
[White "Kouwenhoven, Derk"]
[Black "Volland, Ben"]
[Result "1-0"]
[WhiteElo "1994"]
[BlackElo "1887"]
[PlyCount "82"]
[EventDate "2018.07.16"]
[EventType "team-tourn"]
[EventRounds "5"]
[EventCountry "SCO"]
[SourceTitle "EXT 2021"]
[Source "ChessBase"]
[SourceDate "2020.10.23"]
[SourceVersion "1"]
[SourceVersionDate "2020.10.23"]
[SourceQuality "1"]
[WhiteTeam "Netherlands U18"]
[BlackTeam "Scotland U18"]
[WhiteTeamCountry "NED"]
[BlackTeamCountry "SCO"]

1. e4 e5 2. Nf3 Nc6 3. Bc4 Nf6 4. d3 Be7 5. c3 d6 6. Bb3 Bg4 7. h3 Bh5 8. Nbd2 Qd7 9. Nf1 h6 10. Ng3 Bg6 11. 0-0 0-0-0 12. Re1 Nh5 13. d4 Nxg3 14. fxg3 exd4 15. cxd4 f5 16. exf5 Bxf5 17. g4 d5 18. gxf5 Qxf5 19. Be3 Rhf8 20. Bc2 Qf6 21. Rf1 Qe6 22. Qe2 Rde8 23. Qf2 Bb4 24. Bd2 Qe2 25. Qxe2 Rxe2 26. Bxb4 Nxb4 27. Ne5 Rxf1+ 28. Rxf1 Rxe5 29. Rf8+ Kd7 30. Ba4+ b5 31. Bxb5+ c6 32. Bxc6+ Nxc6 33. dxe5 Nxe5 34. Ra8 Nc6 35. Rg8 g5 36. Rg6 d4 37. Rxh6 d3 38. Kf2 Ne5 39. Ke3 a5 40. Ra6 Kc7 41. Rxa5 Kb6 1-0

[Event "NED-ch U16"]
[Site "Assen"]
[Date "2018.04.29"]
[Round "1"]
[White "Cchung, Chi Yun"]
[Black "Kouwenhoven, Derk"]
[Result "0-1"]
[WhiteElo "1783"]
[BlackElo "2091"]
[PlyCount "126"]
[EventDate "2018.04.29"]
[EventType "swiss"]
[EventRounds "7"]
[EventCountry "NED"]
[SourceTitle "CBM 184 Extra"]
[Source "ChessBase"]
[SourceDate "2018.06.28"]
[SourceVersion "1"]
[SourceVersionDate "2018.06.28"]
[SourceQuality "1"]

1. e4 e5 2. Nf3 Nc6 3. Bb5 a6 4. Ba4 Nf6 5. 0-0 Be7 6. Re1 b5 7. Bb3 0-0 8. c3 d6 9. h3 Nb8 10. d4 Nbd7 11. Nbd2 c5 12. Nf1 Bb7 13. Ng3 Re8 14. Bc2 Bf8 15. b3 g6 16. Bb2 Qc7 17. Bd3 c4 18. Bc2 d5 19. exd5 Nxd5 20. bxc4 bxc4 21. Ba4 N5b6 22. Nxe5 Nxa4 23. Qxa4 Nxe5 24. Rxe5 Rxe5 25. dxe5 Bg7 26. Nf1 Bxg2 27. Kxg2 Qb7+ 28. Kg1 Qxb2 29. Rd1 Qxc3 30. Qc6 Rf8 31. Ne3 Bxe5 32. Qxa6 Bb8 33. Qxc4 Qe5 34. Ng4 Qg7 35. Qd4 Qxd4 36. Rxd4 f5 37. Ne3 Re8 38. a4 Ba7 39. Rd3 Kf8 40. Kg2 Re4 41. Rd8+ Ke7 42. Rh8 Bxe3 43. Rxh7+ Kf6 44. fxe3 Rxe3 45. a5 Ra3 46. Ra7 g5 47. a6 Ke5 48. Ra8 Kf4 49. a7 Ra2+ 50. Kf1 Kf3 51. Ke1 f4 52. Rg8 Ra1+ 53. Kd2 Rxa7 54. Rxg5 Rh7 55. Kd1 Rxh3 56. Rg8 Kf2 57. Kd2 f3 58. Rg7 Rh8 59. Kd3 Rd8+ 60. Ke4 Ke2 61. Rg3 Re8+ 62. Kf4 f2 63. Rg2 Ke1 0-1

[Event "Hoogeveen op 21st"]
[Site "Hoogeveen"]
[Date "2017.10.28"]
[Round "9"]
[White "Kouwenhoven, Derk"]
[Black "De Jong, Migchiel"]
[Result "1/2-1/2"]
[WhiteElo "2028"]
[BlackElo "2352"]
[PlyCount "101"]
[EventDate "2017.10.21"]
[EventType "swiss"]
[EventRounds "9"]
[EventCountry "NED"]
[SourceTitle "CBM 181 Extra"]
[Source "ChessBase"]
[SourceDate "2017.12.12"]
[SourceVersion "1"]
[SourceVersionDate "2017.12.12"]
[SourceQuality "1"]

1. e4 d6 2. d4 Nf6 3. Nc3 c6 4. f4 Qa5 5. Bd3 e5 6. Nf3 Nbd7 7. Be3 Be7 8. 0-0 Ng4 9. Bd2 Qb6 10. Na4 Qc7 11. h3 Ngf6 12. Qe1 b5 13. Nc3 0-0 14. Ne2 d5 15. fxe5 dxe4 16. exf6 Nxf6 17. Nf4 exd3 18. Nxd3 Nd5 19. Ng5 h6 20. Ne4 Re8 21. Ba5 Nb6 22. Qf2 Be6 23. Ndc5 Bc4 24. Rfe1 Qc8 25. b3 Bd5 26. Bd2 Nd7 27. Qg3 Nxc5 28. Nxc5 Bf6 29. c3 b4 30. Rxe8+ Qxe8 31. Re1 Qd8 32. Qg4 bxc3 33. Bxc3 Bg5 34. g3 Qc7 35. Kh2 f5 36. Qxf5 Rf8 37. Ne6 Rxf5 38. Nxc7 Rf2+ 39. Kg1 Rg2+ 40. Kf1 Rxg3 41. Nxd5 cxd5 42. Bb4 Bf6 43. Bc5 Rxh3 44. Re8+ Kh7 45. Bxa7 Rh1+ 46. Kg2 Rb1 47. Re2 h5 48. Bc5 h4 49. b4 g5 50. a4 Bxd4 51. Bxd4 1/2-1/2

[Event "Hoogeveen op 21st"]
[Site "Hoogeveen"]
[Date "2017.10.21"]
[Round "1"]
[White "Kouwenhoven, Derk"]
[Black "Maris, Ivo"]
[Result "0-1"]
[WhiteElo "2028"]
[BlackElo "2340"]
[PlyCount "146"]
[EventDate "2017.10.21"]
[EventType "swiss"]
[EventRounds "9"]
[EventCountry "NED"]
[SourceTitle "CBM 181 Extra"]
[Source "ChessBase"]
[SourceDate "2017.12.12"]
[SourceVersion "1"]
[SourceVersionDate "2017.12.12"]
[SourceQuality "1"]

1. e4 c5 2. Nf3 e6 3. d4 cxd4 4. Nxd4 Nc6 5. Nc3 Qc7 6. Be3 a6 7. a3 Nf6 8. Be2 Be7 9. 0-0 d6 10. f4 0-0 11. Qe1 Nxd4 12. Bxd4 e5 13. Be3 exf4 14. Rxf4 Be6 15. Rd1 Nd7 16. Bd4 Bf6 17. Bxf6 Nxf6 18. Qf2 Rad8 19. Kh1 Qc5 20. Qd4 Rfe8 21. Rff1 Qe5 22. Bf3 Kf8 23. Rd2 Rd7 24. Rfd1 Ke7 25. Kg1 Rc8 26. Be2 Rc5 27. g3 Qg5 28. Kf2 Qh6 29. h4 Re5 30. Bf3 g5 31. Rh1 Qg6 32. Nd5+ Bxd5 33. exd5 g4 34. Bg2 Ne4+ 35. Bxe4 Rxe4 36. Qxe4+ Qxe4 37. Re2 Qxe2+ 38. Kxe2 Kf6 39. Kd3 b5 40. Kd4 Re7 41. Rf1+ Kg6 42. a4 bxa4 43. Ra1 f5 44. c4 f4 45. c5 dxc5+ 46. Kxc5 fxg3 47. d6 Re2 48. d7 Rd2 49. Rxa4 Kf5 50. Rd4 Rxd4 51. Kxd4 g2 52. d8Q g1Q+ 53. Kc4 Qc1+ 54. Kb3 Qe3+ 55. Ka2 Qe6+ 56. b3 h6 57. Qa5+ Kf4 58. Qc7+ Kf3 59. Qc3+ Kg2 60. Kb2 g3 61. Kc2 Qg6+ 62. Kd2 Kh2 63. Qe5 Kh3 64. h5 Qg4 65. Qe3 Qxh5 66. Qe6+ Kh2 67. Qxa6 Qg5+ 68. Ke2 g2 69. Qd6+ Kh3 70. Qd7+ Qg4+ 71. Qxg4+ Kxg4 72. Kf2 Kh3 73. Kg1 Kg3 0-1

[Event "Leiden LCT op-A 11th"]
[Site "Leiden"]
[Date "2017.07.23"]
[Round "9"]
[White "Hensbergen, Willem"]
[Black "Kouwenhoven, Derk"]
[Result "0-1"]
[WhiteElo "2026"]
[BlackElo "2150"]
[PlyCount "42"]
[EventDate "2017.07.14"]
[EventType "swiss"]
[EventRounds "9"]
[EventCountry "NED"]
[SourceTitle "EXT 2018"]
[Source "ChessBase"]
[SourceDate "2017.10.13"]
[SourceVersion "1"]
[SourceVersionDate "2017.10.13"]
[SourceQuality "1"]

1. d4 Nf6 2. c4 g6 3. Nc3 Bg7 4. e4 d6 5. f3 0-0 6. Be3 c5 7. Nge2 Nc6 8. d5 Ne5 9. Ng3 h5 10. Be2 h4 11. Nf1 e6 12. Nd2 exd5 13. cxd5 h3 14. g4 Bxg4 15. Rg1 Bh5 16. Qb3 b5 17. Bxb5 Nxf3+ 18. Nxf3 Bxf3 19. Qc2 Nxe4 20. Nxe4 Bxe4 21. Qxe4 Qa5+ 0-1

[Event "NED-ch U16 playoff 2nd place"]
[Site "Assen"]
[Date "2017.04.29"]
[Round "14"]
[White "Nguyen, Kevin"]
[Black "Kouwenhoven, Derk"]
[Result "1/2-1/2"]
[WhiteElo "2143"]
[BlackElo "2077"]
[PlyCount "79"]
[EventDate "2017.04.23"]
[EventType "tourn (rapid)"]
[EventRounds "4"]
[EventCountry "NED"]
[SourceTitle "EXT 2018"]
[Source "ChessBase"]
[SourceDate "2017.10.13"]
[SourceVersion "1"]
[SourceVersionDate "2017.10.13"]
[SourceQuality "1"]

1. e4 c5 2. b3 Nc6 3. Bb2 d6 4. f4 Nf6 5. Nc3 g6 6. Nf3 Bg7 7. Bb5 0-0 8. Bxc6 bxc6 9. h3 Nxe4 10. 0-0 Nxc3 11. Bxc3 Bxc3 12. dxc3 Ba6 13. Re1 Qc7 14. Qd2 d5 15. f5 Kg7 16. Qe3 Rae8 17. Rad1 Qb6 18. Kh1 e6 19. fxg6 hxg6 20. Qe5+ f6 21. Qd6 Bc8 22. b4 cxb4 23. cxb4 Rd8 24. Qf4 e5 25. Qd2 Bf5 26. c3 Be4 27. Nh2 Rh8 28. Re3 f5 29. c4 f4 30. Ra3 dxc4 31. Qe1 Rxd1 32. Qxd1 Rd8 33. Qg4 Bf5 34. Qf3 Rd3 35. Rxd3 cxd3 36. Ng4 d2 37. Nxe5 Qxb4 38. Nd3 Qb1+ 39. Kh2 d1Q 40. Nxf4 1/2-1/2

[Event "NED-ch U16"]
[Site "Assen"]
[Date "2017.04.23"]
[Round "1"]
[White "Kouwenhoven, Derk"]
[Black "Post, Jesper"]
[Result "1-0"]
[WhiteElo "2077"]
[BlackElo "1694"]
[PlyCount "99"]
[EventDate "2017.04.23"]
[EventType "swiss"]
[EventRounds "9"]
[EventCountry "NED"]
[SourceTitle "CBM 178 Extra"]
[Source "ChessBase"]
[SourceDate "2017.06.22"]
[SourceVersion "1"]
[SourceVersionDate "2017.06.22"]
[SourceQuality "1"]

1. e4 c5 2. Nf3 d6 3. d4 cxd4 4. Nxd4 Nf6 5. Bd3 a6 6. Bg5 e6 7. Nd2 Be7 8. 0-0 0-0 9. c3 Nbd7 10. Bc2 b5 11. a4 Bb7 12. Qe2 b4 13. cxb4 Qb6 14. N2b3 Qxb4 15. Bd2 Qb6 16. Rac1 Nc5 17. Ba5 Qa7 18. Nxc5 dxc5 19. Nf3 Bc6 20. Ne5 Qb7 21. Nxc6 Qxc6 22. Bc3 Rfd8 23. Bxf6 Bxf6 24. e5 Be7 25. Be4 Qxa4 26. Bxa8 Rxa8 27. Rfd1 g6 28. Rc2 Rb8 29. Rcd2 Rb7 30. g3 Kg7 31. h4 h5 32. Kh2 Rb3 33. Rd3 Rxd3 34. Rxd3 Qb5 35. Rd2 Qxe2 36. Rxe2 f6 37. f4 fxe5 38. Rxe5 Bf6 39. Rxe6 Bxb2 40. Rxa6 c4 41. Rc6 c3 42. Kg2 Kf7 43. Kf3 Ke7 44. Ke4 Kd7 45. Rc4 Kd6 46. Kd3 Kd5 47. Rc8 Ke6 48. Rc5 Kf6 49. Rc7 Ke6 50. Rg7 1-0

[Event "Hoogeveen Unive op 20th"]
[Site "Hoogeveen"]
[Date "2016.10.22"]
[Round "9"]
[White "Kouwenhoven, Derk"]
[Black "Mellema, Andries"]
[Result "0-1"]
[WhiteElo "1964"]
[BlackElo "2143"]
[PlyCount "99"]
[EventDate "2016.10.15"]
[EventType "swiss"]
[EventRounds "9"]
[EventCountry "NED"]
[SourceTitle "EXT 2017"]
[Source "ChessBase"]
[SourceDate "2016.10.25"]
[SourceVersion "1"]
[SourceVersionDate "2016.10.25"]
[SourceQuality "1"]

1. e4 e6 2. d4 b6 3. Nf3 Bb7 4. Bd3 Nf6 5. Nbd2 c5 6. 0-0 c4 7. Bxc4 Nxe4 8. Nxe4 Bxe4 9. d5 Qc7 10. Qe2 Bxf3 11. Qxf3 Qxc4 12. dxe6 fxe6 13. Qxa8 Bd6 14. Be3 0-0 15. Qb7 Qxc2 16. Rad1 Qc7 17. Qxc7 Bxc7 18. Rd2 Rc8 19. f4 g6 20. Rc1 g5 21. Kf1 gxf4 22. Bxf4 Nc6 23. Bxc7 Rxc7 24. Kf2 Kf7 25. b4 b5 26. Kg3 Ke7 27. Rc5 d5 28. Rxb5 Kd6 29. Rc2 Rg7+ 30. Kf2 Nd4 31. Rcc5 Nxb5 32. Rxb5 e5 33. g3 Rc7 34. Ra5 e4 35. Ke3 Ke5 36. a4 Rc2 37. h4 h5 38. Rb5 Rg2 39. a5 a6 40. Rc5 Rxg3+ 41. Kf2 Rb3 42. Rc6 Rxb4 43. Rxa6 Rb2+ 44. Ke1 Kd4 45. Rd6 Ra2 46. a6 e3 47. Kd1 Ke4 48. Re6+ Kd3 49. Kc1 e2 50. Kb1 0-1

[Event "Hoogeveen Unive op 20th"]
[Site "Hoogeveen"]
[Date "2016.10.20"]
[Round "7"]
[White "Kouwenhoven, Derk"]
[Black "Vogel, Jaap"]
[Result "0-1"]
[WhiteElo "1964"]
[BlackElo "2134"]
[PlyCount "136"]
[EventDate "2016.10.15"]
[EventType "swiss"]
[EventRounds "9"]
[EventCountry "NED"]
[SourceTitle "EXT 2017"]
[Source "ChessBase"]
[SourceDate "2016.10.25"]
[SourceVersion "1"]
[SourceVersionDate "2016.10.25"]
[SourceQuality "1"]

1. e4 e6 2. d4 d5 3. Nd2 Nf6 4. e5 Nfd7 5. Bd3 c5 6. c3 Nc6 7. Ngf3 g6 8. h4 h6 9. 0-0 Qb6 10. a3 a5 11. dxc5 Nxc5 12. Bb1 a4 13. Re1 Bg7 14. Nf1 Na5 15. Be3 Nc4 16. Qd4 Nxe3 17. Nxe3 Nd7 18. h5 g5 19. Bd3 Qxd4 20. cxd4 Nb6 21. Rac1 Bd7 22. Rc3 Ke7 23. b4 Rac8 24. Rc5 Na8 25. Rec1 b6 26. Rxc8 Rxc8 27. Rxc8 Bxc8 28. b5 Nc7 29. Nd1 Bd7 30. Nc3 Kd8 31. Nh2 f5 32. exf6 Bxf6 33. Nf3 Be8 34. Ne5 Be7 35. Nc6+ Bxc6 36. bxc6 Bxa3 37. Nxa4 b5 38. Nc3 b4 39. Na4 b3 40. Kf1 Ke7 41. Ke2 Kd6 42. f3 Kxc6 43. Ke3 Bc1+ 44. Ke2 Nb5 45. Kd1 Ba3 46. Kd2 Nxd4 47. Kc3 e5 48. Bg6 Kb5 49. Be8+ Ka5 50. Kd3 b2 51. Nc3 Bb4 52. Nb1 Kb6 53. Bg6 Kc5 54. Bh7 Ne6 55. g3 Nd4 56. Ke3 Be1 57. g4 Bb4 58. Bg6 Kc4 59. Bf7 Nc2+ 60. Ke2 Kd4 61. Bg6 Ne3 62. Bh7 e4 63. fxe4 dxe4 64. Bg6 Nxg4 65. Be8 Ne3 66. Bb5 Nd5 67. Kd1 Nc3+ 68. Kc2 Nxb5 0-1

[Event "Hoogeveen Unive op 20th"]
[Site "Hoogeveen"]
[Date "2016.10.19"]
[Round "6"]
[White "Bos, Robin"]
[Black "Kouwenhoven, Derk"]
[Result "0-1"]
[WhiteElo "2025"]
[BlackElo "1964"]
[PlyCount "80"]
[EventDate "2016.10.15"]
[EventType "swiss"]
[EventRounds "9"]
[EventCountry "NED"]
[SourceTitle "EXT 2017"]
[Source "ChessBase"]
[SourceDate "2016.10.25"]
[SourceVersion "1"]
[SourceVersionDate "2016.10.25"]
[SourceQuality "1"]

1. e4 e5 2. Nc3 Nf6 3. f4 d5 4. fxe5 Nxe4 5. Qf3 Nxc3 6. bxc3 Be7 7. d4 c5 8. Ne2 Nc6 9. g3 0-0 10. Bg2 Be6 11. 0-0 Qd7 12. Be3 f6 13. h3 fxe5 14. Qh5 g6 15. Qh6 Nd8 16. Rxf8+ Bxf8 17. Qh4 Nf7 18. dxe5 Be7 19. Qf4 Bxh3 20. Rd1 Bxg2 21. Kxg2 Qc6 22. Kh2 Bg5 23. Qf3 Bxe3 24. Qxe3 Re8 25. Nf4 Nxe5 26. Qe2 d4 27. Rf1 dxc3 28. g4 Qd7 29. Kg3 Qd2 30. Re1 Qxe2 31. Rxe2 Kf7 32. Re3 Nc4 33. Rxc3 Re3+ 34. Rxe3 Nxe3 35. c3 g5 36. Ne2 Ke6 37. Kf3 Nc4 38. Ng3 Ne5+ 39. Ke2 Kd5 40. Nf5 Nxg4 0-1

[Event "Hoogeveen Unive op 20th"]
[Site "Hoogeveen"]
[Date "2016.10.19"]
[Round "5"]
[White "Kouwenhoven, Derk"]
[Black "Hendriks, Richard V"]
[Result "1/2-1/2"]
[WhiteElo "1964"]
[BlackElo "2122"]
[PlyCount "57"]
[EventDate "2016.10.15"]
[EventType "swiss"]
[EventRounds "9"]
[EventCountry "NED"]
[SourceTitle "EXT 2017"]
[Source "ChessBase"]
[SourceDate "2016.10.25"]
[SourceVersion "1"]
[SourceVersionDate "2016.10.25"]
[SourceQuality "1"]

1. e4 e5 2. Nf3 Nc6 3. Bc4 Be7 4. d4 exd4 5. Nxd4 d6 6. Be3 Nf6 7. Nc3 0-0 8. 0-0 Ng4 9. Qe2 Nxe3 10. Nxc6 bxc6 11. Qxe3 Bf6 12. f4 Re8 13. Rae1 d5 14. Rd1 Bxc3 15. bxc3 Bg4 16. Rd4 Qe7 17. Bd3 Bf5 18. e5 Bxd3 19. cxd3 f6 20. Re1 Qe6 21. Qf3 Qf5 22. c4 fxe5 23. fxe5 Rxe5 24. Qxf5 Rxf5 25. Re7 Raf8 26. h3 R8f7 27. Re8+ Rf8 28. Re7 R8f7 29. Re8+ 1/2-1/2

[Event "NED-ch U14"]
[Site "Rotterdam"]
[Date "2016.05.04"]
[Round "6"]
[White "Kouwenhoven, Derk"]
[Black "Vrolijk, Liam"]
[Result "0-1"]
[WhiteElo "1904"]
[BlackElo "2162"]
[PlyCount "70"]
[EventDate "2016.04.29"]
[EventType "swiss"]
[EventRounds "9"]
[EventCountry "NED"]
[SourceTitle "CBM 172 Extra"]
[Source "ChessBase"]
[SourceDate "2016.06.21"]
[SourceVersion "1"]
[SourceVersionDate "2016.06.21"]
[SourceQuality "1"]

1. e4 e6 2. d4 d5 3. Nd2 a6 4. Ngf3 Nf6 5. e5 Nfd7 6. Bd3 c5 7. c3 Nc6 8. 0-0 g5 9. Nb3 h6 10. dxc5 Nxc5 11. Re1 Nxd3 12. Qxd3 Bg7 13. g4 Qc7 14. Qe2 Ne7 15. Nbd4 Ng6 16. a4 Bd7 17. Bd2 Qc4 18. Qd1 Qc7 19. Qe2 Qc4 20. b3 Qxe2 21. Rxe2 0-0 22. Kg2 f6 23. exf6 Rxf6 24. Rae1 Raf8 25. h4 gxh4 26. g5 hxg5 27. Bxg5 h3+ 28. Kg3 R6f7 29. Nh4 Nxh4 30. Kxh4 e5 31. Nc2 Rxf2 32. Ne3 Be6 33. Kg3 R8f3+ 34. Kh4 h2 35. Rxf2 Rh3# 0-1

[Event "Hoogeveen Unive op 19th"]
[Site "Hoogeveen"]
[Date "2015.10.20"]
[Round "5"]
[White "Sparenberg, Erik"]
[Black "Kouwenhoven, Derk"]
[Result "1-0"]
[WhiteElo "2088"]
[BlackElo "1918"]
[PlyCount "85"]
[EventDate "2015.10.17"]
[EventType "swiss"]
[EventRounds "9"]
[EventCountry "NED"]
[SourceTitle "EXT 2017"]
[Source "ChessBase"]
[SourceDate "2016.10.25"]
[SourceVersion "1"]
[SourceVersionDate "2016.10.25"]
[SourceQuality "1"]

1. e4 e5 2. Nf3 Nc6 3. Bb5 a6 4. Ba4 Nf6 5. 0-0 Be7 6. Re1 b5 7. Bb3 0-0 8. d4 d6 9. c3 Bg4 10. Be3 Re8 11. h3 Bh5 12. Nbd2 Na5 13. Bc2 Bf8 14. d5 c5 15. b4 Nb7 16. a4 Qc7 17. axb5 axb5 18. Bd3 c4 19. Bc2 Nd7 20. g4 Bg6 21. Nf1 Nb6 22. Qd2 h5 23. Ng3 hxg4 24. hxg4 Nd7 25. Nh4 Be7 26. g5 Nf8 27. Kg2 Nh7 28. Nhf5 Qd8 29. Nxe7+ Qxe7 30. Nf5 Qd8 31. Rg1 f6 32. Rxa8 Qxa8 33. gxf6 Nxf6 34. Bg5 Kf7 35. Kf3 Bh5+ 36. Kg2 Rh8 37. Qe3 Qa6 38. Bxf6 gxf6 39. Qg3 Rh7 40. Rh1 Qa2 41. Rxh5 Rxh5 42. Qg7+ Ke8 43. Qe7# 1-0

[Event "Hoogeveen Unive op 19th"]
[Site "Hoogeveen"]
[Date "2015.10.18"]
[Round "2"]
[White "Kouwenhoven, Derk"]
[Black "Schroeder, Jan Christian"]
[Result "0-1"]
[WhiteElo "1918"]
[BlackElo "2519"]
[PlyCount "80"]
[EventDate "2015.10.17"]
[EventType "swiss"]
[EventRounds "9"]
[EventCountry "NED"]
[SourceTitle "EXT 2017"]
[Source "ChessBase"]
[SourceDate "2016.10.25"]
[SourceVersion "1"]
[SourceVersionDate "2016.10.25"]
[SourceQuality "1"]

1. e4 e5 2. Nf3 Nc6 3. Bc4 Nf6 4. d3 Be7 5. c3 0-0 6. 0-0 d6 7. Bb3 Na5 8. Bc2 c5 9. Nbd2 Nc6 10. Re1 h6 11. Nf1 Re8 12. Ne3 Bf8 13. a3 b5 14. b4 a5 15. Bd2 axb4 16. axb4 Rxa1 17. Qxa1 cxb4 18. Nd5 Nxd5 19. exd5 bxc3 20. Bxh6 Nb4 21. Qxc3 Nxc2 22. Bg5 f6 23. Bxf6 Qxf6 24. Qxc2 Bd7 25. Qc7 Bg4 26. Nd2 Qf4 27. Qa5 Qa4 28. Qxa4 bxa4 29. Re4 Bd7 30. Nc4 Rb8 31. f3 Rb3 32. d4 a3 33. Nxa3 Rxa3 34. dxe5 dxe5 35. Rxe5 Bc5+ 36. Kf1 Kf7 37. Re4 Ra2 38. Rf4+ Ke7 39. Re4+ Kd6 40. Rh4 Bb5+ 0-1

[Event "NED-ch U15"]
[Site "Rotterdam"]
[Date "2015.05.05"]
[Round "5"]
[White "Nguyen, Kevin"]
[Black "Kouwenhoven, Derk"]
[Result "0-1"]
[WhiteElo "2090"]
[BlackElo "1830"]
[PlyCount "106"]
[EventDate "2015.05.02"]
[EventType "swiss"]
[EventRounds "9"]
[EventCountry "NED"]
[SourceTitle "EXT 2016"]
[Source "ChessBase"]
[SourceDate "2015.10.08"]
[SourceVersion "1"]
[SourceVersionDate "2015.10.08"]
[SourceQuality "1"]

1. e4 e5 2. Nf3 Nc6 3. Bb5 a6 4. Ba4 Nf6 5. 0-0 Be7 6. Qe2 b5 7. Bb3 0-0 8. c3 d6 9. Rd1 Na5 10. Bc2 c5 11. d4 Qc7 12. d5 Bd7 13. Nbd2 Rab8 14. b3 Nh5 15. Nf1 Bf6 16. Rb1 g6 17. g3 Bg7 18. Nh4 Qc8 19. Ne3 Bh3 20. Nhf5 Qd8 21. Nxg7 Nxg7 22. Ng2 f5 23. Bh6 f4 24. Rd3 c4 25. Rf3 Bg4 26. gxf4 Bxf3 27. Qxf3 exf4 28. Qg4 Qf6 29. Nxf4 Qxc3 30. Bd1 Rf7 31. Bf3 cxb3 32. axb3 Nxb3 33. Bxg7 Kxg7 34. Ne6+ Kg8 35. Ng5 Rbf8 36. Nxf7 Rxf7 37. Bg2 Qc2 38. Rf1 a5 39. Qe6 Qc5 40. Bh3 Kf8 41. Kh1 Nd4 42. Qg4 a4 43. Qh4 a3 44. Qd8+ Kg7 45. Be6 Nxe6 46. dxe6 Qc4 47. Re1 Qxe6 48. Qb6 Qe5 49. Qa5 Qb2 50. f4 b4 51. e5 dxe5 52. fxe5 Qd2 53. Rg1 Rf2 0-1